[Event "GER-chT U12 Girls"]
[Site "Magdeburg"]
[Date "2023.12.29"]
[Round "6.10"]
[White "Mersmann, Jasmin"]
[Black "Kuhlmann, Naya"]
[Result "1-0"]
[WhiteElo "1131"]
[BlackElo "1005"]
[PlyCount "81"]
[EventDate "2023.12.26"]
[EventType "team-swiss"]
[EventRounds "7"]
[EventCountry "GER"]
[SourceTitle "CB03_2024"]
[SourceDate "2024.01.17"]
[SourceVersion "1"]
[SourceVersionDate "2024.01.17"]
[SourceQuality "1"]
[WhiteTeam "Karlsruhe SF"]
[BlackTeam "Graefenhainichen"]
[WhiteTeamCountry "GER"]
[BlackTeamCountry "GER"]

1. e4 e5 2. Nf3 Nc6 3. Bb5 d6 4. h3 Nf6 5. Nc3 Be7 6. d3 Be6 7. Be3 a6 8. Ba4 Qd7 9. Qe2 b5 10. Bb3 0-0 11. 0-0 d5 12. exd5 Nxd5 13. Nxd5 Bxd5 14. Bxd5 Qxd5 15. Bd2 Bf6 16. Bc3 Rfe8 17. Rfe1 Rab8 18. a3 h6 19. Rad1 Re7 20. Nd2 Rbe8 21. Ne4 Re6 22. Qg4 Ne7 23. Bd2 Ng6 24. Rf1 Qc6 25. Rc1 Qd5 26. Bb4 Qd4 27. Bc3 Qd5 28. Bb4 Qd4 29. Rb1 Qd5 30. Rfd1 Rc8 31. Nc5 Ree8 32. Nxa6 Qc6 33. Nc5 Be7 34. Ne4 Qxc2 35. Bxe7 Nxe7 36. Nf6+ Kf8 37. Nxe8 Rxe8 38. Qb4 Qc6 39. Rbc1 Qd5 40. Rxc7 Qe6 41. Qxb5 1-0

[Event "GER-chT U12 Girls"]
[Site "Magdeburg"]
[Date "2023.12.29"]
[Round "5.9"]
[White "Winkler, Frida"]
[Black "Mersmann, Jasmin"]
[Result "1/2-1/2"]
[WhiteElo "1298"]
[BlackElo "1131"]
[PlyCount "72"]
[EventDate "2023.12.26"]
[EventType "team-swiss"]
[EventRounds "7"]
[EventCountry "GER"]
[SourceTitle "CB03_2024"]
[SourceDate "2024.01.17"]
[SourceVersion "1"]
[SourceVersionDate "2024.01.17"]
[SourceQuality "1"]
[WhiteTeam "Plauen Koenig"]
[BlackTeam "Karlsruhe SF"]
[WhiteTeamCountry "GER"]
[BlackTeamCountry "GER"]

1. e4 e5 2. Nf3 Nc6 3. Bc4 Bb4 4. c3 Ba5 5. d4 exd4 6. Nxd4 Ne5 7. Bb3 d6 8. 0-0 Nf6 9. Bg5 0-0 10. Re1 h6 11. Bh4 Ng6 12. Bg3 Re8 13. Nd2 Bd7 14. Nc4 Bb6 15. e5 dxe5 16. Bxe5 Bg4 17. f3 Be6 18. Nxb6 axb6 19. Nxe6 fxe6 20. Qxd8 Raxd8 21. Bxc7 Rd2 22. Rxe6 Rxe6 23. Bxe6+ Kh7 24. b3 Rd3 25. Bf5 Rxc3 26. Bxg6+ Kxg6 27. Bxb6 Nd5 28. Bf2 Rc2 29. Rd1 Nf6 30. Rd6 Rc1+ 31. Be1 Rxe1+ 32. Kf2 Ra1 33. a4 Ra3 34. Rb6 Kh7 35. Rxb7 Nd5 36. Rb5 Nc3 1/2-1/2

[Event "GER-chT U12 Girls"]
[Site "Berlin"]
[Date "2022.12.27"]
[Round "3"]
[White "Halas, Neele Zoe"]
[Black "Mersmann, Jasmin"]
[Result "0-1"]
[WhiteElo "1413"]
[BlackElo "1187"]
[PlyCount "80"]
[EventDate "2022.12.26"]
[EventType "team-swiss"]
[EventRounds "7"]
[EventCountry "GER"]
[SourceTitle "CBM 212 Extra"]
[Source "ChessBase"]
[SourceDate "2023.03.31"]
[SourceVersion "1"]
[SourceVersionDate "2023.03.31"]
[SourceQuality "1"]
[WhiteTeam "Leipzig SG"]
[BlackTeam "Karlsruhe"]
[WhiteTeamCountry "GER"]
[BlackTeamCountry "GER"]

1. e4 e5 2. Nf3 Nc6 3. d4 exd4 4. Nxd4 Bc5 5. Be3 Qf6 6. c3 Nge7 7. Bc4 0-0 8. 0-0 d6 9. Nxc6 Nxc6 10. Bxc5 dxc5 11. f4 Rd8 12. Qf3 Be6 13. Bxe6 Qxe6 14. Qe3 h6 15. Nd2 Rd7 16. Nb3 b6 17. Rfd1 Rad8 18. Rd2 Na5 19. Rxd7 Rxd7 20. Nxa5 bxa5 21. b3 Re7 22. Re1 c4 23. Qxa7 cxb3 24. Qb8+ Kh7 25. Qxb3 Qd6 26. g3 f6 27. Qc2 Qc6 28. Kf2 Kh8 29. Qd3 Qa4 30. Re2 Rd7 31. Qe3 Qc4 32. Rd2 Rxd2+ 33. Qxd2 Qxe4 34. Qe2 Qc6 35. Qd2 Qb6+ 36. Kg2 c5 37. Qe2 Qb1 38. Qd2 a4 39. Qe2 a3 40. Qd2 Qb2 0-1

[Event "GER-chT U12 Girls"]
[Site "Willingen"]
[Date "2022.08.15"]
[Round "5.6"]
[White "Mersmann, Jasmin"]
[Black "Schube, Theresa"]
[Result "0-1"]
[WhiteElo "1232"]
[BlackElo "1162"]
[PlyCount "82"]
[EventDate "2022.08.13"]
[EventType "team-swiss"]
[EventRounds "7"]
[EventCountry "GER"]
[SourceTitle "EXT 2023"]
[Source "ChessBase"]
[SourceDate "2022.10.05"]
[SourceVersion "1"]
[SourceVersionDate "2022.10.05"]
[SourceQuality "1"]
[WhiteTeam "Karlsruhe SF"]
[BlackTeam "Werder Bremen"]
[WhiteTeamCountry "GER"]
[BlackTeamCountry "GER"]

1. e4 e5 2. Nf3 Nc6 3. Nc3 Nf6 4. a3 d5 5. Bb5 d4 6. Ne2 Bd6 7. d3 h6 8. h3 Qe7 9. 0-0 Bd7 10. Bd2 g5 11. Ng3 g4 12. hxg4 Bxg4 13. Nf5 Bxf5 14. exf5 a6 15. Bxc6+ bxc6 16. Nxd4 Qd7 17. Re1 0-0-0 18. Nb3 Qxf5 19. Re3 Rdg8 20. Qf3 Qg6 21. Qg3 Ng4 22. Re4 f5 23. Re2 f4 24. Qh3 Kb8 25. Na5 Bc5 26. Nxc6+ Qxc6 27. Bc3 Nxf2 28. Rxf2 Bxf2+ 29. Kxf2 Rg3 30. Qh2 Rhg8 31. Rg1 Qc5+ 32. Ke1 Qe3+ 33. Kd1 f3 34. Bd2 Qe2+ 35. Kc1 f2 36. c3 f1Q+ 37. Rxf1 Qxf1+ 38. Kc2 Qxd3+ 39. Kd1 Rxg2 40. Qxg2 Rxg2 41. Ke1 Qe2# 0-1

[Event "GER-ch U10 Girls"]
[Site "Willingen"]
[Date "2022.06.08"]
[Round "6"]
[White "Margaryan, Mari"]
[Black "Mersmann, Jasmin"]
[Result "0-1"]
[WhiteElo "792"]
[BlackElo "1099"]
[PlyCount "114"]
[EventDate "2022.06.04"]
[EventType "swiss"]
[EventRounds "11"]
[EventCountry "GER"]
[SourceTitle "CBM 208 Extra"]
[Source "ChessBase"]
[SourceDate "2022.07.31"]
[SourceVersion "1"]
[SourceVersionDate "2022.07.31"]
[SourceQuality "1"]

1. d4 d5 2. e3 Nf6 3. Nf3 Bg4 4. Be2 c5 5. Nc3 Nc6 6. h3 Bh5 7. g4 Bg6 8. Bd3 c4 9. Be2 e6 10. Ne5 Nxe5 11. dxe5 Nd7 12. h4 h6 13. h5 Bh7 14. Bf3 Qc7 15. e4 Qxe5 16. Qe2 0-0-0 17. exd5 Qxe2+ 18. Bxe2 exd5 19. Nxd5 Ne5 20. Nb4 Bxb4+ 21. c3 Bc5 22. Bf4 Nd3+ 23. Bxd3 Bxd3 24. 0-0-0 Bxf2 25. Rhf1 Bxf1 26. Rxf1 Bc5 27. b4 Bb6 28. Re1 Rhe8 29. Rxe8 Rxe8 30. g5 hxg5 31. Bxg5 Re1+ 32. Kd2 Rg1 33. Bf4 Bc7 34. Be3 Rh1 35. Bxa7 Rxh5 36. a4 f5 37. Ke3 f4+ 38. Kf3 Rh3+ 39. Kg2 Rxc3 40. Bd4 Rb3 41. Bxg7 Rxb4 42. Bh6 Rxa4 43. Kf3 c3 44. Ke2 Be5 45. Kd3 b5 46. Bxf4 Bxf4 47. Kxc3 Be5+ 48. Kb3 Rh4 49. Ka3 Rc4 50. Kb3 Kd7 51. Ka3 Kd6 52. Kb3 Kd5 53. Ka3 Kd4 54. Kb3 Kd3 55. Ka3 Kc3 56. Ka2 Kc2 57. Ka3 Ra4# 0-1